banner-ar

مظاهر الفساد الاجتماعى فى مصر فى عصر سلاطين المماليك : (Record no. 65921)

MARC details
000 -الفاتح
حقل البيانات ثابتة الطول 01080nam a22002417a 4500
005 - وقت وتاريخ اخر تعامل مع التسجيلة
رقم الضبط 20240530110850.0
008 - عناصر البيانات ثابتة الطول - معلومات عامة
حقل البيانات ثابتة الطول 200912s2019 ua a f b 000 0dara d
017 ## - رقم الايداع القانونى
رقم الايداع القانونى 2018/14174
المصدر ( الهيئة المختصة) مصر. دار الكتب
020 ## - الرقم الدولى المعيارى للكتب
الرقم الدولى المعيارى للكتاب 9789774387316
040 ## - مصدر الفهرسة
وكالة الفهرسة الأصلية EG-CaGPL
وكالة النسخ EG-CaGPL
082 04 - رقم تصنيف ديوى العشرى
رقم الطبعة 21
رقم التصنيف 303.45\
رقم المادة ق/ر م
100 0# - المدخل الرئيسى - إسم شخصى
الإسم الشخصى رشا محمود عبدالعزيز فيالة
245 10 - بيان العنوان
العنوان مظاهر الفساد الاجتماعى فى مصر فى عصر سلاطين المماليك :
بقية العنوان ( 648 - 923 هـ / 1250 - 1517 م ) : المسكرات نموذجا /
بيان المسئوليه,etc رشا محمود عبدالعزيز فيالة
250 ## - بيان الطبعة
بيان الطبعة ط.1
260 ## - PUBLICATION, DISTRIBUTION, ETC. (IMPRINT)
تاريخ النشر أو التوزيع 2019
300 ## - الوصف المادى
التعداد 208 ص. ؛
أبعاد الوعاء 24 سم.
504 ## - تبصرة ببليوجرافية
تبصرة ببليوجرافية,الخ يشتمل على ارجاعات ببليوجرافية
650 07 - المدخل الاضافى بالموضوع-مصطلح موضوعى
مصطلح موضوعي الفساد الاجتماعى
مصدر الرأس أو المصطلح qrmak
650 07 - المدخل الاضافى بالموضوع-مصطلح موضوعى
مصطلح موضوعي المسكرات
مصدر الرأس أو المصطلح qrmak
651 07 - المدخل الاضافى بالموضوع - اسم جغرافى
مصدر الرأس أو المصطلح qrmak
الاسم الجغرافي مصر
التقسيم الفرعي العام الاحوال الاجتماعية
التقسيم الفرعي الزمني عصر المماليك
942 ## - عناصر المدخل الإضافي( كوها)
مصدر التصنيف او مخطط الترفيف Dewey Decimal Classification
Koha [default] item type كتاب
260 ## - PUBLICATION, DISTRIBUTION, ETC. (IMPRINT)
-- القاهرة :
-- المكتب الجامعى الحديث ،
Holdings
حالة التراجع حالة الفقد حالة تلف ليس للاعارة المكان المؤقت الموقع الحالى موقع الترفيف تاريخ الاكتساب اجمالي اﻻعارات رقم الطلب الباركود تاريخ اخر مشاهدة تاريخ تفعيل السعر نوع وعاء كوها
        مكتبة القاهرة الكبرى مكتبة القاهرة الكبرى   11/14/2020   303.45\ ق/ر م 167042 10/05/2022 11/14/2020 كتاب

Powered By

EGPV